| 000 | 00942nam a22001937a 4500 | ||
|---|---|---|---|
| 999 |
_c59915 _d59915 |
||
| 003 | Ge_BSU | ||
| 005 | 20230510122516.0 | ||
| 008 | 230510s2005 ge ||||| |||| 00| 0 geo d | ||
| 041 | _ageo | ||
| 080 | _a94(479.22) ს-75 | ||
| 245 |
_aსვანეთი : _bსტუდენტთა კულტურულ-ისტორიული ექსპედიცია : "კოშკების სამყარო-2004"-ის მასალები _cრედ. : ზვიად კვიციანი; თსუ. |
||
| 264 |
_aთბილისი, _c2005. |
||
| 300 |
_a100 გვ. _b20 სმ. |
||
| 504 | _aბიბლიოგრ. გვ. 99 | ||
| 653 | _aსვენეთი | ||
| 653 | _aსტუდენტთა კულტურულ-ისტორიული ექსპედიცია | ||
| 700 |
_aკვიციანი, ზვიად _eრედაქტორი _93573 |
||
| 942 |
_2udc _cBK |
||